Trading Partners: Indonesia - Statistics

General Stats
  • This quiz has been taken 42 times
    7 since last reset
  • The average score is 37 of 40
Answer Stats
Balance Answer % Correct
$3,222,969,363 Australia
100%
-$9,425,007,794 Australia
100%
-$2,621,511,394 Brazil
100%
$55,852,493,990 China
100%
-$59,114,586,408 China
100%
-$1,276,976,828 France
100%
$2,909,942,082 Germany
100%
-$3,187,612,682 Germany
100%
$13,289,379,460 India
100%
-$7,668,264,668 India
100%
$17,855,409,214 Japan
100%
-$14,644,286,874 Japan
100%
$12,006,469,603 Malaysia
100%
-$9,451,030,469 Malaysia
100%
$8,603,714,681 Philippines
100%
-$3,967,064,132 Saudi Arabia
100%
$11,634,139,477 Singapore
100%
-$15,451,683,940 Singapore
100%
$8,980,472,020 South Korea
100%
-$9,427,193,748 South Korea
100%
$7,090,257,098 Thailand
100%
-$9,146,469,121 Thailand
100%
$1,892,738,335 United Arab Emirates
100%
-$2,142,989,351 United Arab Emirates
100%
$25,820,254,775 United States
100%
-$11,308,706,993 United States
100%
$6,851,269,479 Vietnam
100%
-$4,212,975,831 Vietnam
100%
$1,630,874,163 Belgium
86%
-$2,053,964,077 Canada
86%
$2,792,256,650 Italy
86%
-$1,728,255,774 Italy
86%
$4,632,379,239 Netherlands
86%
$2,350,311,729 Spain
86%
-$2,039,144,085 Argentina
71%
$2,923,064,371 Bangladesh
71%
$3,811,460,393 Pakistan
71%
-$1,835,123,253 South Africa
71%
$1,653,393,222 Egypt
43%
-$2,047,402,255 Nigeria
43%
No matching quizzes found
Score Distribution
Percent of People with Each Score
Percentile by Number Answered
Your Score History
You have not taken this quiz since the last reset